000
00309 a2200157 4500
001
195297
020
_a
978-85-990250-2-0
040
_c
Magnum
100
_a
Sso, Ernani
240
1
0
_a
Ogros
_l
245
1
0
_a
Ogros
300
_a
68
362
0
_a
2020
697
_a
LITERATURA INFANTO-JUVENIL
942
_c
BK
999
_c
195297
_d
195297